Small animal wound management / (Record no. 16118)

000 -LEADER
fixed length control field 00620pam a2200241 a 4500
020 ## - INTERNATIONAL STANDARD BOOK NUMBER
ISBN 0812112393
040 ## - CATALOGING SOURCE
Transcribing agency DLC
082 00 - DEWEY DECIMAL CLASSIFICATION NUMBER
Classification number 636 LEA 1990 A083 Or.
100 1# - MAIN ENTRY--AUTHOR NAME
Personal name Swaim, Steven F.
245 10 - TITLE STATEMENT
Title Small animal wound management /
260 ## - PUBLICATION, DISTRIBUTION, ETC. (IMPRINT)
Place of publication Philadelphia :
Name of publisher Lea & Febiger,
Year of publication 1990.
300 ## - PHYSICAL DESCRIPTION
Number of Pages xv, 252 p. :
Other physical details ill. ;
Dimensions 28 cm.
650 #0 - SUBJECT ADDED ENTRY--TOPICAL TERM
Topical Term Dogs
650 #0 - SUBJECT ADDED ENTRY--TOPICAL TERM
Topical Term Cats
650 #0 - SUBJECT ADDED ENTRY--TOPICAL TERM
Topical Term Veterinary traumatology.
650 #0 - SUBJECT ADDED ENTRY--TOPICAL TERM
Topical Term Skin
650 #2 - SUBJECT ADDED ENTRY--TOPICAL TERM
Topical Term Veterinary Medicine.
650 #2 - SUBJECT ADDED ENTRY--TOPICAL TERM
Topical Term Wounds and Injuries
650 #2 - SUBJECT ADDED ENTRY--TOPICAL TERM
Topical Term Wounds and Injuries
700 1# - ADDED ENTRY--PERSONAL NAME
Personal name Henderson, Ralph A.
700 1# - ADDED ENTRY--PERSONAL NAME
Personal name Pidgeon, Rhoda.
942 ## - ADDED ENTRY ELEMENTS (KOHA)
Koha item type សៀវភៅភាសាអង់គ្លេស
952 ## - LOCATION AND ITEM INFORMATION (KOHA)
Withdrawn status [LOCAL, KOHA] 0
Holdings
Permanent Location Date acquired Koha item type Lost status Shelving location Barcode Current Location Full call number
Library Block A2018-01-12សៀវភៅភាសាអង់គ្លេស A083A15244Library Block A636 LEA 1990 A083 Co.
មជ្ឈមណ្ឌលឯការនៃសាកលវិទ្យាល័យភូមិន្ទកសិកម្មចំការដូង

Powered by Koha